000 00204nam a2200085Ia 4500
008 120527s9999 xx 000 0 und d
100 _aJencks, Christopher
245 _aRethinking social policy
942 _cBK
999 _c27740
_d27740